000 00554nam a22002297a 4500
003 UA-OsUOA
001 40011
007 ta
008 20060710b un ||||| |||| 00| 0 ukr d
100 _aФиллип Ш.
090 _a232.38
_bФ53
942 _cBK
040 _aUA-OsUOA
_brus
_cUA-OsUOA
_dUA-OsUOA
245 _aСын Божий - Сын Человеческий
300 _a176 с.
955 _a2
041 _arus
080 _a232.38
260 _aМ.
_c2003
650 7 _a2 Релігія. Теологія.
_2UDC
999 _c326165
_d326165